|
|
|
|
| LEADER |
00811nam a2200277 4500 |
| 001 |
DLU090074105 |
| 005 |
##20090523 |
| 040 |
# |
# |
|a DLU
|b vie
|
| 041 |
# |
# |
|a vie
|
| 044 |
# |
# |
|a vn
|
| 100 |
# |
# |
|a Schooleield, George C.
|
| 245 |
# |
# |
|a Cuộc sống bên lề /
|c George C. Schooleield, Dương Ngọc Anh dịch.
|
| 653 |
# |
# |
|a Chân dung văn học
|
| 653 |
# |
# |
|a Nữ nhà văn
|
| 653 |
# |
# |
|a Văn học Phần Lan
|
| 700 |
# |
# |
|a Dương Ngọc Anh,
|e dịch.
|
| 773 |
# |
# |
|t Tạp chí văn học
|g Số 12, 1997, tr.53-58
|
| 920 |
# |
# |
|a Phòng Tạp chí -- Trung tâm Thông tin - Thư viện Trường Đại học Đà Lạt
|
| 994 |
# |
# |
|a DLU
|
| 900 |
# |
# |
|a True
|
| 911 |
# |
# |
|a Nguyễn Thị Linh Chi
|
| 925 |
# |
# |
|a G
|
| 926 |
# |
# |
|a A
|
| 927 |
# |
# |
|a BB
|
| 980 |
# |
# |
|a Thư viện Trường Đại học Đà Lạt
|